[Event "Belt and Road Hunan op-C"]
[Site "Changsha"]
[Date "2019.07.30"]
[Round "2"]
[White "Li, Yuanxing"]
[Black "Li, Yingxuan"]
[Result "1-0"]
[WhiteElo "1970"]
[BlackElo "1467"]
[PlyCount "75"]
[EventDate "2019.07.29"]
[EventType "swiss"]
[EventRounds "9"]
[EventCountry "CHN"]
[SourceTitle "EXT 2020"]
[Source "ChessBase"]
[SourceDate "2019.10.17"]
[SourceVersion "1"]
[SourceVersionDate "2019.10.17"]
[SourceQuality "1"]

1. d4 Nf6 2. Nf3 e6 3. g3 d5 4. Bg2 Be7 5. c4 c6 6. 0-0 Nbd7 7. Qb3 0-0 8. Nc3 b6 9. Bf4 Ba6 10. cxd5 Nxd5 11. Nxd5 cxd5 12. Rfe1 Bc4 13. Qc2 Rc8 14. Qd2 Nf6 15. Ne5 Ba6 16. Rac1 Bd6 17. Bg5 Re8 18. Rxc8 Bxc8 19. Rc1 h6 20. Nc6 Qd7 21. Bf4 Bxf4 22. Qxf4 Bb7 23. Ne5 Qd6 24. Qd2 Ne4 25. Qc2 Rc8 26. Qxc8+ Bxc8 27. Rxc8+ Kh7 28. Bxe4+ g6 29. Bd3 Kg7 30. a3 Qe7 31. f4 g5 32. e3 gxf4 33. exf4 a6 34. Kf2 b5 35. Nc6 Qa7 36. Ke3 h5 37. h3 Kf6 38. Ne5 1-0

[Event "Belt and Road Hunan op-C"]
[Site "Changsha"]
[Date "2019.07.30"]
[Round "3"]
[White "Zheng, Carissa"]
[Black "Li, Yuanxing"]
[Result "0-1"]
[WhiteElo "1699"]
[BlackElo "1970"]
[PlyCount "61"]
[EventDate "2019.07.29"]
[EventType "swiss"]
[EventRounds "9"]
[EventCountry "CHN"]
[SourceTitle "EXT 2020"]
[Source "ChessBase"]
[SourceDate "2019.10.17"]
[SourceVersion "1"]
[SourceVersionDate "2019.10.17"]
[SourceQuality "1"]

1. e4 e6 2. d4 d5 3. Nd2 dxe4 4. Nxe4 Nd7 5. Nf3 Ngf6 6. Ng3 Be7 7. Bd3 0-0 8. 0-0 c5 9. c3 b6 10. Qc2 Bb7 11. Ne4 Qc7 12. Bg5 c4 13. Nxf6+ gxf6 14. Bxh7+ Kg7 15. Bh4 Rh8 16. Be4 Bxe4 17. Qxe4 f5 18. Qe3 Rxh4 19. Nxh4 Bxh4 20. d5 Qe5 21. Rad1 Qxe3 22. fxe3 Nc5 23. dxe6 fxe6 24. Rf4 Bg5 25. Rxc4 Bxe3+ 26. Kf1 Rh8 27. b4 Ne4 28. Rc7+ Kf6 29. h3 b5 30. Ke2 Bb6 31. Rc6 0-1

[Event "CHN-chB"]
[Site "Jiangmen"]
[Date "2018.07.22"]
[Round "9"]
[White "Peng, Hongchi"]
[Black "Li, Yuanxing"]
[Result "1/2-1/2"]
[WhiteElo "2256"]
[BlackElo "1975"]
[PlyCount "57"]
[EventDate "2018.07.18"]
[EventType "swiss"]
[EventRounds "11"]
[EventCountry "CHN"]
[SourceTitle "CBM 185 Extra"]
[Source "ChessBase"]
[SourceDate "2018.07.29"]
[SourceVersion "1"]
[SourceVersionDate "2018.07.29"]
[SourceQuality "1"]

1. e4 e6 2. d4 d5 3. Nc3 Nf6 4. e5 Nfd7 5. f4 c5 6. Nf3 Nc6 7. Be3 cxd4 8. Nxd4 Nxd4 9. Bxd4 Bc5 10. Bxc5 Nxc5 11. Qd4 Qb6 12. 0-0-0 Bd7 13. Be2 Rc8 14. g4 Qa5 15. Kb1 Na4 16. Nxa4 Qxa4 17. c3 Qxd4 18. Rxd4 Ke7 19. Rf1 Rhf8 20. Bd3 h6 21. h4 f6 22. Re1 fxe5 23. Rxe5 Rf6 24. c4 Rcf8 25. cxd5 Rxf4 26. Rxf4 Rxf4 27. dxe6 Bc6 28. Bf5 h5 29. Bd3 1/2-1/2